000 00445nmm a2200157Ia 4500
008 251105s9999||||xx |||||||||||||||||und||
020 _a9788499539256
041 _aspa
100 _aChe Guevara
245 0 _aLa guerra de guerrillas
264 _a[Madrid, España] :
_bLinkgua,
_c2007
300 _a140 páginas
650 _aHistory of the Americas: Latin America
856 _uhttps://public.digitaliapublishing.com/a/16607
942 _cCF
999 _c93130
_d93130